Teatre popular (Record no. 128842)

MARC details
000 -LEADER
campo de control de longitud fija 00801nam a2200229 i 4500
001 - NÚMERO DE CONTROL
campo de control 128842
003 - IDENTIFICADOR DE NÚMERO DE CONTROL
campo de control ES-MaACL
005 - FECHA Y HORA DE LA ÚLTIMA TRANSACCIÓN
campo de control 20260429201017.0
007 - CAMPO FIJO DE DESCRIPCIÓN FÍSICA--INFORMACIÓN GENERAL
campo de control de longitud fija t|
008 - DATOS DE LONGITUD FIJA--INFORMACIÓN GENERAL
campo de control de longitud fija 070528s1968 sp ||||1| cat d
080 ## - NÚMERO DE LA CLASIFICACIÓN DECIMAL UNIVERSAL
Número de la Clasificación Decimal Universal 8-2"14/19"(082.2)=499
245 00 - MENCIÓN DEL TÍTULO
Título Teatre popular
Resto del título : autors dels segles XV i XVI, Beaumarchais, Gorki: L'encens i la carn, Les noces de Fígaro, Els baixos fons /
Mención de responsabilidad, etc. próleg. de Feliu Formosa.
250 ## - MENCION DE EDICION
Mención de edición [1ª ed.].
260 ## - PUBLICACIÓN, DISTRIBUCIÓN, ETC.
Lugar de publicación, distribución, etc. Barcelona :
Nombre del editor, distribuidor, etc. Edicions 62,
Fecha de publicación, distribución, etc. [1968]
300 ## - DESCRIPCIÓN FÍSICA
Extensión 284 p. ;
Dimensiones 19 cm.
650 14 - PUNTO DE ACCESO ADICIONAL DE MATERIA--TÉRMINO DE MATERIA
Término de materia o nombre geográfico como elemento de entrada Teatro-
Subdivisión general Historia
9 (RLIN) 17311
700 1# - ENTRADA AGREGADA--NOMBRE PERSONAL
Nombre de persona Gor'kiï, Maksim.
9 (RLIN) 59128
700 ## - ENTRADA AGREGADA--NOMBRE PERSONAL
Nombre de persona Beaumarchais, Pierre Augustin Caron de,
Fechas asociadas al nombre 1732-1799
9 (RLIN) 239070
700 1# - ENTRADA AGREGADA--NOMBRE PERSONAL
Nombre de persona Formosa, Feliu,
Fechas asociadas al nombre 1934-
9 (RLIN) 51759
852 ## - LOCALIZACIÓN
Ubicación ES-MaACL
Número de control de estantería C-50358
Sublocalización o colección R.68460
Holdings
Estatus retirado Estado de pérdida Estado de daño No para préstamo Biblioteca de origen Biblioteca actual Ubicación en estantería Fecha de adquisición Fuente de adquisición Total de préstamos Signatura topográfica completa Código de barras Visto por última vez Precio de reemplazo Tipo de ítem Koha
        Biblioteca del Ateneo de Madrid Biblioteca del Ateneo de Madrid Depósito 2 17/01/2008     C-50358 1134176 23/02/2023 23/02/2023 Libro impreso